000 00388nam a2200169Ia 4500
008 210210b1832 xxu||||| |||| 00| 0 eng d
041 _aeng
082 _a829/964
100 _aSCOTT (Sir W)
245 _aHeart of Midlothian
260 _aCalcutta
_bNot Mentioned
_c1832
650 _aof
650 _aMidlothian
650 _aHeart
690 _aEnglish Fiction
906 _a017579
999 _c137563
_d137563